Hezekiah university journal of management and social sciences (Record no. 38229)

MARC details
000 -LEADER
fixed length control field 00442nam a2200157Ia 4500
022 ## - INTERNATIONAL STANDARD SERIAL NUMBER
ISSN 97941323
050 ## - CALL MARK
Classification number HD 70.N43 .H49/
245 #0 - TITLE STATEMENT
Title Hezekiah university journal of management and social sciences
260 ## - PUBLICATION, DISTRIBUTION, ETC. (IMPRINT)
Place of publication Ikwerre, Nigeria
260 ## - PUBLICATION, DISTRIBUTION, ETC. (IMPRINT)
Year of publication 2016
300 ## - PHYSICAL DESCRIPTION
Number of Pages v, 338 p. :ill. ; 27 cm.
650 ## - SUBJECT ADDED ENTRY--TOPICAL TERM
Topical Term Management--Nigeria--Periodicals.
942 ## - ADDED ENTRY ELEMENTS (KOHA)
Koha item type Serials

No items available.